| 000 | 00397nam a2200145 4500 | ||
|---|---|---|---|
| 999 |
_c1647 _d1647 |
||
| 008 | 200128b ||||| |||| 00| 0 eng d | ||
| 082 | 0 | 0 |
_a623.8 _bS8749 |
| 100 |
_9693 _aStokoe, E. A. |
||
| 245 | 1 | 0 |
_aShip construction for marine engineers / _cby E. A. Stokoe |
| 250 | _a2nd ed. | ||
| 260 |
_aSunderland _bThomas Reed _c1968 |
||
| 300 | _a147 p. | ||
| 650 | 0 | _aNaval Architecture | |
| 942 |
_2ddc _cBK |
||